000 01638nam a2200337 a 4500
001 BRCA_3237
005 20190320204159.0
008 060309s1803----enk#---###---#000-0#eng-#
041 _aeng
044 _aenk
084 _a538
_b.D464
_c1803
100 1 _aCervantes Saavedra, Miguel de
_d1547-1616
_9213
245 1 0 _aThe History of the Renowned Don Quixote de la Mancha
_cWritten in Spanish by Miguel de Cervantes Saavedra.
260 _aEdinburgo
_bDenham and Dick
_c1803
300 _a4 v.
_c18 cm.
500 _aContenido : v.1. Primera parte. Noticia sobre la vida de Cervantes. Prólogo del autor. -- v.2. Texto. -- v.3. Segunda parte. Prólogo del autor. -- v.4. Texto
500 _aEdición : Translated by Several Hands and Published by the late Mr. Ozell with Explanatory Notes from Jarvis, Oudin, Sobrino, Pinedo, Gregorio, the Royal Academy Dictionary of Madrid
500 _aEdición económica de la traducción de Motteux, revisada por Ozell y con las notas tomadas de Jarvis, Oudin y otros. Piel; lomos decorados con dorados Lúdovik Osterc
500 _aQM433
546 _aTexto en : inglés
650 1 4 _aNovela española
_yÉpoca clásica, 1500-1700
_9215
650 1 4 _aLiteratura española
_yÉpoca clásica, 1500-1700
_9216
650 1 4 _aNovela española
_ySiglo XVII
_9217
650 1 4 _aDon Quijote (Personaje ficticio)
_eNovela
_9218
700 1 _aMotteux, Peter Anthony
_d1663-1718
_eTraductor
_98631
700 1 _aOzell, John
_d?-1743
_eAnotador
_98632
700 1 _aJarvis, Charles
_d?-1739
_eAnotador
_98633
740 0 _aEl Ingenioso Hidalgo Don Quijote de la Mancha
902 _aQFM
942 _2lcc
_cB
999 _c2973
_d2973